Catálogo de luminarias

সংরক্ষণ করুন:
গ্রন্থ-পঞ্জীর বিবরন
বিন্যাস: গ্রন্থ
ভাষা:Spanish
ট্যাগগুলো: ট্যাগ যুক্ত করুন
কোনো ট্যাগ নেই, প্রথমজন হিসাবে ট্যাগ করুন!

MARC

LEADER 00000nam a2200000Ia 4500
003 MV0098
005 20221231143956.0
008 140114s a 000 ||spa d
040 |c cru CEDI 
090 |a MV 98 
245 |a Catálogo de luminarias  
300 |a Paginación varia : ilustraciones a color 
942 |c MX 
999 |c 15045  |d 15045